Campeones de la Copa Chile - por edicion - Estadísticas

Estadísticas generales
  • Esta prueba ha sido intentada 57 veces
  • La puntuación promedio es 12 de 40
Estadísticas de respuestas
Año Campeón % Correcto
1958 Colo-Colo
91%
2019 Colo-Colo
53%
2015 U.Chile
51%
2016 Colo-Colo
49%
1994 Colo-Colo
42%
1996 Colo-Colo
42%
1974 Colo-Colo
40%
1981 Colo-Colo
40%
1985 Colo-Colo
40%
1988 Colo-Colo
40%
1990 Colo-Colo
40%
2018 Palestino
40%
2012 U.Chile
40%
1959 Santiago Wanderers
38%
2011 U.Catolica
38%
1982 Colo-Colo
36%
1989 Colo-Colo
36%
2017 Santiago Wanderers
36%
1991 U.Catolica
33%
1998 U.Chile
33%
1995 U.Catolica
31%
1986 Cobreloa
29%
1983 U.Catolica
29%
1979 U.Chile
27%
2000 U.Chile
27%
1975 Palestino
24%
1977 Palestino
24%
1992 Union Española
24%
1993 Union Española
22%
1961 Santiago Wanderers
20%
2013 Iquique
18%
1984 Everton
16%
2010 Iquique
16%
1960 La Serena
16%
2009 San Felipe
16%
1987 Cobresal
13%
1980 Iquique
9%
1962 Luis Cruz Martinez
9%
2008 U.Concepcion
4%
2014 U.Concepcion
4%
No se encontraron pruebas coincidentes
Distribución de puntuación
Porcentaje de gente con cada puntuación
Porcentaje por número respondido
Historial de tus puntuaciones
No has intentado esta prueba.